000 00500nam a22001817a 4500
005 20251108171941.0
008 250721s2001 xx 000 0 ara d
082 1 4 _a611/صفد
100 1 _aالصفدي، عصام حمدي
245 1 0 _aعلم التشريح /
264 1 _aعمان :
_bدار اليازوري للنشر،
_c2001.
300 _a175ص
650 1 7 _aجسم الإنسان
650 1 7 _aالتشريح
700 1 _aقطاش، رشدي
942 _2ddc
_cBK
999 _c66694
_d66694